První řez : [thriller z lékařského prostředí] /

Hlavní autor: Robinson, Leah Ruth
Další autoři: Fraisová, Alexandra
Jazyk: Čeština
Vydáno: Praha : Ikar, 2000
Vydání: Vyd. 1.
Témata:
Fyzický popis: 251 s. ; 23 cm
Knihy
Uloženo v:
LEADER 01065nam a2200313 a 4500
001 000461874
003 CZ BrMZK
005 20090220111832.0
007 ta
008 000115s2000 xr g f cze d
015 |a cnb000786940 
020 |a 80-7202-601-1 
035 |a (OCoLC)84992956 
040 |a BOA001  |b cze 
072 7 |a 821.111(73)-3  |x Americká próza  |2 Konspekt  |9 25 
080 |a 821.111(73)-31  |2 MRF 
080 |a (0:82-312.4)  |2 MRF 
100 1 |a Robinson, Leah Ruth  |7 xx0005697  |4 aut 
245 1 0 |a První řez :  |b [thriller z lékařského prostředí] /  |c Leah Ruth Robinsonová ; [z angličtiny přeložila Alexandra Fraisová] 
250 |a Vyd. 1. 
260 |a Praha :  |b Ikar,  |c 2000 
300 |a 251 s. ;  |c 23 cm 
655 7 |a americké romány  |7 fd131796  |2 czenas 
655 7 |a thrillery (romány)  |7 fd184206  |2 czenas 
700 1 |a Fraisová, Alexandra  |7 jn20001227598  |4 trl 
765 0 |t First cut 
910 |a BOA001  |b 2-1068.645 
990 |a BK 
996 6 |b 2610107861  |c 2-1068.645  |l MZK  |r Sklad / do 1 hodiny  |n 3  |p p.v.  |w 000461874  |u 000010  |a 1  |e BOA001  |j MZK50  |s P